Vida de Bolívar. (Record no. 52736)

MARC details
000 -LEADER
fixed length control field 00695cam a22002411 4500
001 - CONTROL NUMBER
control field s 38000034
003 - CONTROL NUMBER IDENTIFIER
control field DLC
005 - DATE AND TIME OF LATEST TRANSACTION
control field 20260227111912.0
008 - FIXED-LENGTH DATA ELEMENTS--GENERAL INFORMATION
fixed length control field 751203s1937 mx b 000 0bspa c
010 ## - LIBRARY OF CONGRESS CONTROL NUMBER
LC control number s 38000034
035 ## - SYSTEM CONTROL NUMBER
System control number (OCoLC)1871777
040 ## - CATALOGING SOURCE
Original cataloging agency Smithsonian inst. Library
Transcribing agency FU
Modifying agency OCoLC
-- DLC
042 ## - AUTHENTICATION CODE
Authentication code premarc
050 00 - LIBRARY OF CONGRESS CALL NUMBER
Classification number F2235.3
Item number .D76
082 ## - DEWEY DECIMAL CLASSIFICATION NUMBER
Classification number 923.28
100 1# - MAIN ENTRY--PERSONAL NAME
Personal name Dromundo, Baltasar.
245 10 - TITLE STATEMENT
Title Vida de Bolívar.
260 ## - PUBLICATION, DISTRIBUTION, ETC.
Place of publication, distribution, etc. Mexico
Name of publisher, distributor, etc. [Editorial "Mexico nuevo"]
Date of publication, distribution, etc. 1937.
300 ## - PHYSICAL DESCRIPTION
Extent 267 p.
Dimensions 20cm.
504 ## - BIBLIOGRAPHY, ETC. NOTE
Bibliography, etc. note "Obras consultadas": p. 265-266.
504 ## - BIBLIOGRAPHY, ETC. NOTE
Bibliography, etc. note "Obras de Baltasar Dromundo.--Publicadas": p. 267.
600 10 - SUBJECT ADDED ENTRY--PERSONAL NAME
Personal name Bolívar, Simón,
Dates associated with a name 1783-1830.

No items available.

Powered by Koha